5HLuxD.jpg

KING HENRY VIII SENIOR AND PRIMARY SCHOOL LIBRARY OPAC

Gorgeous Georgians / (Record no. 4017)

000 -LEADER
fixed length control field 01261cam a2200421 i 4500
001 - CONTROL NUMBER
control field .b30705848
003 - CONTROL NUMBER IDENTIFIER
control field OSt
005 - DATE AND TIME OF LATEST TRANSACTION
control field 20241210120208.0
008 - FIXED-LENGTH DATA ELEMENTS--GENERAL INFORMATION
fixed length control field 220605t20071998enka j 001 0 eng d
020 ## - INTERNATIONAL STANDARD BOOK NUMBER
International Standard Book Number 9781407104195
Qualifying information (pbk.)
035 ## - SYSTEM CONTROL NUMBER
System control number (StEdNL)4198555
035 ## - SYSTEM CONTROL NUMBER
System control number (Uk)013824083
035 ## - SYSTEM CONTROL NUMBER
System control number (UkLCURL)72013824083
038 ## - RECORD CONTENT LICENSOR
Record content licensor Uk
040 ## - CATALOGING SOURCE
Original cataloging agency StDuBDS
Language of cataloging eng
Transcribing agency StDuBDS
Modifying agency StEdNL
-- Uk
-- RDI
-- KH8
042 ## - AUTHENTICATION CODE
Authentication code nbic
043 ## - GEOGRAPHIC AREA CODE
Geographic area code e-uk---
082 04 - DEWEY DECIMAL CLASSIFICATION NUMBER
Classification number 941.07 DEA
Edition number 22
100 1# - MAIN ENTRY--PERSONAL NAME
Personal name Deary, Terry,
Relator term author.
245 10 - TITLE STATEMENT
Title Gorgeous Georgians /
Statement of responsibility, etc. Terry Deary ; illustrated by Martin Brown.
264 #1 - PRODUCTION, PUBLICATION, DISTRIBUTION, MANUFACTURE, AND COPYRIGHT NOTICE
Place of production, publication, distribution, manufacture London :
Name of producer, publisher, distributor, manufacturer Scholastic,
Date of production, publication, distribution, manufacture, or copyright notice 2007.
264 #4 - PRODUCTION, PUBLICATION, DISTRIBUTION, MANUFACTURE, AND COPYRIGHT NOTICE
Date of production, publication, distribution, manufacture, or copyright notice ©1998.
300 ## - PHYSICAL DESCRIPTION
Extent 104 pages :
Other physical details illustrations ;
Dimensions 20 cm.
336 ## - CONTENT TYPE
Content type term text
Content type code txt
Source rdacontent.
337 ## - MEDIA TYPE
Media type term unmediated
Media type code n
Source rdamedia.
338 ## - CARRIER TYPE
Carrier type term volume
Carrier type code nc
Source rdacarrier.
490 0# - SERIES STATEMENT
Series statement Horrible histories.
500 ## - GENERAL NOTE
General note Originally published: 1998.
500 ## - GENERAL NOTE
General note Includes index.
500 ## - GENERAL NOTE
General note Formerly CIP.
Institution to which field applies Uk.
521 8# - TARGET AUDIENCE NOTE
Target audience note 870L
Source Lexile.
651 #0 - SUBJECT ADDED ENTRY--GEOGRAPHIC NAME
Geographic name Great Britain
General subdivision History
Chronological subdivision 18th century
Form subdivision Juvenile literature.
699 ## - LOCAL SUBJECT ADDED ENTRY--UNIFORM TITLE (RLIN)
Uniform title English reading Lexile 870.
699 ## - LOCAL SUBJECT ADDED ENTRY--UNIFORM TITLE (RLIN)
Uniform title English reading range 801-900.
700 1# - ADDED ENTRY--PERSONAL NAME
Personal name Brown, Martin,
Dates associated with a name 1959-
942 ## - ADDED ENTRY ELEMENTS (KOHA)
Source of classification or shelving scheme
Koha item type Books - Non Ficton
Holdings
Withdrawn status Lost status Source of classification or shelving scheme Damaged status Not for loan Collection code Permanent Location Current Location Shelving location Date acquired Full call number Barcode Date last seen Price effective from Koha item type Public note
          Non-Fiction KH8 Primary School Library KH8 Primary School Library Non Fiction 2024-12-10 941.07 DEA KHPL000004719 2025-12-05 2024-12-10 Books - Non Ficton KH8 PRIMARY LIBRARY
          Non-Fiction KH8 Primary School Library KH8 Primary School Library Non Fiction 2024-12-10 941.07 DEA KHPL000006346 2025-12-05 2024-12-10 Books - Non Ficton KH8 PRIMARY LIBRARY

Powered By KH8 IT Dept